|
|
|
|
| LEADER |
02348nam a2200649 i 4500 |
| 001 |
nkc20152700060 |
| 003 |
CZ PrNK |
| 005 |
20150709072756.0 |
| 007 |
ta |
| 008 |
150515s2015 xr e 000 0bcze |
| 015 |
|
|
|a cnb002700060
|
| 020 |
|
|
|a 978-80-7505-095-3
|q (vázáno)
|
| 035 |
|
|
|a (OCoLC)913564859
|
| 040 |
|
|
|a BOA001
|b cze
|e rda
|
| 041 |
1 |
|
|a cze
|h eng
|
| 043 |
|
|
|a e-uk---
|
| 045 |
|
|
|a x4x9
|
| 072 |
|
7 |
|a 53
|x Fyzika
|2 Konspekt
|9 6
|
| 072 |
|
7 |
|a 929
|x Biografie
|2 Konspekt
|9 8
|
| 080 |
|
|
|a 53-051
|2 MRF
|
| 080 |
|
|
|a 001-051-058.833
|2 MRF
|
| 080 |
|
|
|a 929
|2 MRF
|
| 080 |
|
|
|a 316.356.2
|2 MRF
|
| 080 |
|
|
|a 316.728
|2 MRF
|
| 080 |
|
|
|a (410)
|2 MRF
|
| 080 |
|
|
|a (092)
|2 MRF
|
| 100 |
1 |
|
|a Hawking, Jane,
|d 1944-
|7 pna2015870161
|4 aut
|
| 240 |
1 |
0 |
|a Travelling to infinity.
|l Česky
|
| 245 |
1 |
0 |
|a Cesta do nekonečna :
|b můj život se Stephenem /
|c Jane Hawkingová ; z anglického originálu Travelling to infinity ... přeložila Olga Neumanová
|
| 246 |
3 |
0 |
|a Můj život se Stephenem
|
| 250 |
|
|
|a 1. vydání
|
| 264 |
|
1 |
|a Praha :
|b XYZ ve společnosti Albatros Media a.s.,
|c 2015
|
| 300 |
|
|
|a 517 stran ;
|c 24 cm
|
| 336 |
|
|
|a text
|b txt
|2 rdacontent
|
| 337 |
|
|
|a bez média
|b n
|2 rdamedia
|
| 338 |
|
|
|a svazek
|b nc
|2 rdacarrier
|
| 600 |
1 |
7 |
|a Hawking, Stephen,
|d 1942-2018
|7 xx0046498
|2 czenas
|
| 600 |
1 |
7 |
|a Hawking, Jane,
|d 1944-
|7 pna2015870161
|2 czenas
|
| 648 |
|
4 |
|a 1942-1999
|
| 648 |
|
7 |
|a 20.-21. století
|7 ch462155
|2 czenas
|
| 650 |
0 |
7 |
|a fyzici
|7 ph114600
|z Velká Británie
|y 20.-21. století
|2 czenas
|
| 650 |
0 |
7 |
|a manželky vědců
|7 ph263228
|z Velká Británie
|y 20.-21. století
|2 czenas
|
| 650 |
0 |
7 |
|a rodinné vztahy
|7 ph135535
|2 czenas
|
| 650 |
0 |
7 |
|a každodenní život
|7 ph121555
|2 czenas
|
| 650 |
0 |
9 |
|a physicists
|z Great Britain
|y 20th-21st centuries
|2 eczenas
|
| 650 |
0 |
9 |
|a scientists’ spouses
|z Great Britain
|y 20th-21st centuries
|2 eczenas
|
| 650 |
0 |
9 |
|a family relationships
|2 eczenas
|
| 650 |
0 |
9 |
|a everyday life
|2 eczenas
|
| 655 |
|
7 |
|a biografie
|7 fd131909
|2 czenas
|
| 655 |
|
9 |
|a biography
|2 eczenas
|
| 700 |
1 |
|
|a Engelthaler Neumanová, Olga,
|d 1980-
|7 xx0039612
|4 trl
|
| 910 |
2 |
|
|a BOA001
|b 2-1349.033
|
| 928 |
9 |
|
|a Albatros Media - XYZ
|
| 990 |
|
|
|a BK
|
| 995 |
|
|
|a 01
|
| 991 |
|
|
|b 201506
|c NOV
|e n
|
| 996 |
6 |
|
|b 2610634856
|c 2-1349.033
|l MZK
|r Sklad / do 1 hodiny
|n 4
|p p.v.
|w 001508566
|u 000010
|a 1
|e BOA001
|j MZK50
|s P
|